| 000 | 00895cam a2200277 a 4500 | ||
|---|---|---|---|
| 001 | 000003430 | ||
| 003 | DO-SdBNP | ||
| 005 | 20250416114550.0 | ||
| 007 | ta | ||
| 008 | 951212s1995 ck c 000 f spa d | ||
| 040 |
_aDO-SdBNP _bspa _cBNPHU |
||
| 082 | 4 |
_a028.1 _bE182m _222 |
|
| 100 | 1 |
_aEchavarría, Rogelio _910696 |
|
| 245 | 1 | 0 |
_aMil y una notas / _cRogelio Echavarría ; selección y prólogo Darío Jaramillo Agudelo. |
| 260 |
_aSantafé de Bogotá : _bInstituto Caro y Cuervo, _c1995. |
||
| 300 |
_av. : _bretrs. ; _c20 cm. |
||
| 490 | 1 |
_aLa granada entreabierta _v73 |
|
| 505 | 0 |
_av.2-- _tDe carátulas y solapas. |
|
| 590 | _aInventariado, 2022 / DG | ||
| 650 | 0 |
_aLibros _vReseñas _910697 |
|
| 650 | 4 |
_aLiteratura colombiana _91244 |
|
| 700 | 1 |
_aJaramillo Agudelo, Darío, _epról. _910698 |
|
| 830 | 3 |
_aLa granada entreabierta ; _910699 _n74 |
|
| 910 | _aDG | ||
| 942 |
_2ddc _cLBS1 |
||
| 999 |
_c3260 _d3260 |
||